Detalles MARC
| 000 -LEADER |
| fixed length control field |
01870nam a2200445Ii 4500 |
| 001 - CONTROL NUMBER |
| control field |
DIGDEU0436 |
| 003 - CONTROL NUMBER IDENTIFIER |
| control field |
NyNyDIG |
| 006 - FIXED-LENGTH DATA ELEMENTS--ADDITIONAL MATERIAL CHARACTERISTICS |
| fixed length control field |
m o d |
| 007 - PHYSICAL DESCRIPTION FIXED FIELD--GENERAL INFORMATION |
| fixed length control field |
cr ||||||||||| |
| 008 - FIXED-LENGTH DATA ELEMENTS--GENERAL INFORMATION |
| fixed length control field |
130501s2009 sp b 000 0 spa d |
| 020 ## - INTERNATIONAL STANDARD BOOK NUMBER |
| International Standard Book Number |
9788498304718 |
| Qualifying information |
(eBook) |
| 020 ## - INTERNATIONAL STANDARD BOOK NUMBER |
| Canceled/invalid ISBN |
8498302331 |
| 020 ## - INTERNATIONAL STANDARD BOOK NUMBER |
| Canceled/invalid ISBN |
9788498302332 |
| 035 ## - SYSTEM CONTROL NUMBER |
| System control number |
(OCoLC)857077480 |
| 040 ## - CATALOGING SOURCE |
| Original cataloging agency |
DGITA |
| Language of cataloging |
eng |
| Description conventions |
pn |
| Transcribing agency |
DGITA |
| 050 14 - LIBRARY OF CONGRESS CALL NUMBER |
| Classification number |
BT772 eBook |
| 245 03 - TITLE STATEMENT |
| Title |
La reconstrucción del creer / |
| Statement of responsibility, etc. |
M. Reus (coord.). |
| 264 #1 - PRODUCTION, PUBLICATION, DISTRIBUTION, MANUFACTURE, AND COPYRIGHT NOTICE |
| Place of production, publication, distribution, manufacture |
Bilbao : |
| Name of producer, publisher, distributor, manufacturer |
Universidad de Deusto, |
| Date of production, publication, distribution, manufacture, or copyright notice |
2009. |
| 300 ## - PHYSICAL DESCRIPTION |
| Extent |
1 online resource (120 pages) |
| 336 ## - CONTENT TYPE |
| Content type term |
text |
| Content type code |
txt |
| Source |
rdacontent |
| 337 ## - MEDIA TYPE |
| Media type term |
computer |
| Media type code |
c |
| Source |
rdamedia |
| 338 ## - CARRIER TYPE |
| Carrier type term |
online resource |
| Carrier type code |
cr |
| Source |
rdacarrier |
| 490 1# - SERIES STATEMENT |
| Series statement |
Cuadernos de teología Deusto ; |
| Volume/sequential designation |
no. 36. |
| 504 ## - BIBLIOGRAPHY, ETC. NOTE |
| Bibliography, etc. note |
Includes bibliographical references. |
| 505 0# - FORMATTED CONTENTS NOTE |
| Formatted contents note |
Introducción -- ¿Todavía la fe cristiana? / por Raúl Berzosa -- La crisis de Dios / Lluis Duch -- Recuperar la gratuidad en la vida cristiana / Manuel Reus -- 40 escritores vascos hablan de Dios / José Arregi. |
| 520 ## - SUMMARY, ETC. |
| Summary, etc. |
"Presenta las ponencias que tuvieron lugar en las Jornadas de Teología Deusto 2009, acerca de la "Reconstrucción del creer"" (p. [9]). |
| 650 #0 - SUBJECT ADDED ENTRY--TOPICAL TERM |
| Topical term or geographic name entry element |
Faith |
| Form subdivision |
Congresses. |
| 650 #0 - SUBJECT ADDED ENTRY--TOPICAL TERM |
| Topical term or geographic name entry element |
Theological virtues |
| Form subdivision |
Congresses. |
| 650 #0 - SUBJECT ADDED ENTRY--TOPICAL TERM |
| Topical term or geographic name entry element |
Christian life |
| General subdivision |
Catholic authors. |
| 655 #0 - INDEX TERM--GENRE/FORM |
| Genre/form data or focus term |
Electronic books. |
| 700 1# - ADDED ENTRY--PERSONAL NAME |
| Personal name |
Reus Canals, Manuel. |
| 710 2# - ADDED ENTRY--CORPORATE NAME |
| Corporate name or jurisdiction name as entry element |
Universidad de Deusto. |
| Subordinate unit |
Facultad de Teología. |
| 791 2# - |
| -- |
Digitalia (Firm), |
| -- |
distributor. |
| 711 2# - ADDED ENTRY--MEETING NAME |
| Meeting name or jurisdiction name as entry element |
Jornadas de Teología de Deusto |
| Date of meeting or treaty signing |
(2009 : |
| Location of meeting |
San Sebastián, Spain) |
| 793 0# - |
| -- |
Digitalia eBook Collection: |
| -- |
Universidad de Deusto. |
| 830 #0 - SERIES ADDED ENTRY--UNIFORM TITLE |
| Uniform title |
Cuadernos de teología Deusto ; |
| Volume/sequential designation |
no. 36. |
| 856 40 - ELECTRONIC LOCATION AND ACCESS |
| Materials specified |
Digitalia Hispánica |
| Uniform Resource Identifier |
<a href="https://www.digitaliapublishing.com/a/14898/">https://www.digitaliapublishing.com/a/14898/</a> |
| 910 ## - USER-OPTION DATA (OCLC) |
| User-option data |
Premium Collection: 2007-2012 |
| 942 ## - ADDED ENTRY ELEMENTS (KOHA) |
| Koha item type |
Recurso Electrónico |